Hymns as poetry /

Bibliographic Details
Other Authors: Carr, Samuel, 1913-
Format: Book
Language:English
Published: London : Batsford, 1980.
Subjects:

MARC

Tag First Indicator Second Indicator Subfields
LEADER 00000cam a2200000 a 4500
001 in00000083275
005 20151008061214.0
008 811013s1980 enka 00100 eng d
020 |a 0713434473 
035 |a (OCoLC)07842946 
035 |9 AAJ7546AM 
040 |a CRU  |c CRU  |d TXA  |d UtOrBLW 
043 |a e-uk-en 
049 |a TXAM  |c [1655508] 
090 |a BV350  |b .H9 
245 0 0 |a Hymns as poetry /  |c edited by Samuel Carr ; preface by John Betjeman. 
264 1 |a London :  |b Batsford,  |c 1980. 
300 |a 125 pages :  |b illustrations (some color) ;  |c 24 cm. 
336 |a text  |b txt  |2 rdacontent 
337 |a unmediated  |b n  |2 rdamedia 
338 |a volume  |b nc  |2 rdacarrier 
500 |a Includes indexes. 
650 0 |a Hymns, English. 
700 1 |a Carr, Samuel,  |d 1913- 
999 |a MARS 
999 f f |s ab674083-3a25-3148-a761-354a8af019f7  |i f1ba2925-1866-345e-a722-8d41ef9e7ef4  |t 0 
952 f f |p normal  |a Texas A&M University  |b College Station  |c Sterling C. Evans Library  |d Evans: Library Stacks  |t 0  |e BV350 .H9  |h Library of Congress classification  |i unmediated -- volume  |m A14806092303 
998 f f |a BV350 .H9  |t 0  |l Evans: Library Stacks